Cenová politika: Osm faktorů citlivosti na cenu Poradenské listy pro výrobkové manažery a vedoucí marketingu

Reakcia trhu na zmeny cien - odpoveď na túto otázku je najdôležitejší predpoklad marketingovej cenovej politiky. Osem faktorov citlivosti zákazníkov na ceny, ktoré popisuje Thomas T. Nagle.

Salvato in:
Dettagli Bibliografici
Natura: Capitolo di libro
Lingua:ceco
Soggetti:
Tags: Aggiungi Tag
Nessun Tag, puoi essere il primo ad aggiungerne!!

MARC

LEADER 00000naa a2200000 4500
001 r015181
005 20221213090151.4
041 0 |a cze 
044 |a SK 
245 1 0 |a Cenová politika: Osm faktorů citlivosti na cenu  |b Poradenské listy pro výrobkové manažery a vedoucí marketingu 
520 |a Reakcia trhu na zmeny cien - odpoveď na túto otázku je najdôležitejší predpoklad marketingovej cenovej politiky. Osem faktorov citlivosti zákazníkov na ceny, ktoré popisuje Thomas T. Nagle. 
610 2 0 |a politika cenová 
610 2 0 |a ceny 
610 2 0 |a výrobky 
610 2 0 |a zákazníci 
610 2 0 |a Nagle, T.